000 00999cam a2200301 a 4500
001 4379856
003 PILC
005 20160114093359.0
008 910903s1992 nyu j 000 1 eng
010 _a 91034873
020 _a978037435609
_c$16.00
040 _aDLC
_cDLC
_dDLC
042 _alcac
050 0 0 _aPZ 7
_b.K149Oh 1992
082 0 0 _aFIC
_bK14 1992
100 1 _aKarr, Kathleen.
_919216
245 1 0 _aOh, those harper girls! or young and dangerous
_cby Kathleen Karr.
250 _a1st ed.
260 _aNew York :
_bFarrar, Straus and Giroux,
_c1992.
300 _a181 p. ;
_c22 cm.
650 1 _aFrontier and pioneer life
_zTexas
_xFiction.
_919217
651 1 _aTexas
_xFiction.
_919218
740 0 _aYoung and dangerous.
906 _a7
_bcbc
_corignew
_d1
_eocip
_f19
_gy-gencatlg
942 _2lcc
_cBK
999 _c11178
_d11178